[Event "WSTCC-50 2020"]
[Site "Prague"]
[Date "2020.03.10"]
[Round "5.37"]
[White "Pekarek, Ales"]
[Black "Goldinger, Peter"]
[Result "1-0"]
[WhiteElo "2274"]
[BlackElo "2052"]
[Annotator "ChessBase"]
[PlyCount "59"]
[EventDate "2020.03.06"]
[EventType "team-tourn"]
[EventCountry "CZE"]
[SourceTitle "playchess.com"]
[Source "ChessBase"]
[SourceQuality "1"]
[TimeControl "40/5400+30:1800+30"]

1. Nf3 {[%emt 0:00:00]} d5 {[%emt 0:00:00]} 2. g3 {[%emt 0:00:00]} c5 {[%emt 0:00:02]} 3. Bg2 {[%emt 0:00:00]} Nc6 {[%emt 0:00:05]} 4. d4 {[%emt 0:00:13]} e6 {[%emt 0:01:51]} 5. O-O {[%emt 0:00:15]} Nf6 {[%emt 0:01:14]} 6. c4 {[%emt 0:05:58]} cxd4 {[%emt 0:06:00]} 7. Nxd4 {[%emt 0:00:47]} Be7 {[%emt 0:00:09]} 8. Nc3 {[%emt 0:02:04]} O-O {[%emt 0:01:19]} 9. cxd5 {[%emt 0:05:36]} exd5 {[%emt 0:03:47]} 10. Bf4 {[%emt 0:03:51]} a6 {[%emt 0:01:08]} 11. Rc1 {[%emt 0:01:10]} Be6 {[%emt 0:00:46]} 12. Nxe6 {[%emt 0:06:20]} fxe6 {[%emt 0:00:09]} 13. Na4 {[%emt 0:03:48]} Re8 {[%emt 0:10:33]} 14. Be3 {[%emt 0:05:53]} Nd7 {[%emt 0:04:08]} 15. f4 {[%emt 0:06:56]} g6 {[%emt 0:07:42]} 16. Bf2 {[%emt 0:00:28]} Nf6 {[%emt 0:13:09]} 17. Bb6 {[%emt 0:03:57]} Qb8 {[%emt 0:01:27]} 18. Kh1 {[%emt 0:11:16]} Bd8 {[%emt 0:01:03]} 19. Bg1 {[%emt 0:00:27]} Na5 {[%emt 0:03:36]} 20. b3 {[%emt 0:06:52]} b5 {[%emt 0:04:38]} 21. Nc5 {[%emt 0:00:09]} Bb6 {[%emt 0:05:05]} 22. Bd4 {[%emt 0:01:17]} Bxc5 {[%emt 0:00:44]} 23. Rxc5 {[%emt 0:01:50]} Nd7 {[%emt 0:02:17]} 24. Rc1 {[%emt 0:03:43]} Qb7 {[%emt 0:03:02]} 25. Bb2 {[%emt 0:05:27]} Qb6 {[%emt 0:03:16]} 26. e4 {[%emt 0:03:07]} Qd6 {[%emt 0:04:13]} 27. exd5 {[%emt 0:02:33]} e5 {[%emt 0:00:24]} 28. fxe5 {[%emt 0:04:43]} Nxe5 {[%emt 0:00:36]} 29. Qd4 {[%emt 0:00:17]} Rad8 {[%emt 0:05:44]} 30. Rfe1 {[%emt 0:00:43]} 1-0

[Event "WSTCC-50 2020"]
[Site "Prague"]
[Date "2020.03.10"]
[Round "5.38"]
[White "Klaiss, Thomas"]
[Black "Sorm, Daniel"]
[Result "0-1"]
[WhiteElo "1991"]
[BlackElo "2328"]
[Annotator "ChessBase"]
[PlyCount "72"]
[EventDate "2020.03.06"]
[EventType "team-tourn"]
[EventCountry "CZE"]
[SourceTitle "playchess.com"]
[Source "ChessBase"]
[SourceQuality "1"]
[TimeControl "40/5400+30:1800+30"]

1. d4 {[%emt 0:00:00]} d5 {[%emt 0:00:00]} 2. Nf3 {[%emt 0:00:00]} Nf6 {[%emt 0:00:08]} 3. e3 {[%emt 0:00:42]} c5 {[%emt 0:00:54]} 4. c3 {[%emt 0:01:04]} e6 {[%emt 0:00:44]} 5. Nbd2 {[%emt 0:00:27]} b6 {[%emt 0:04:04]} 6. Bb5+ {[%emt 0:02:10]} Nbd7 {[%emt 0:02:15]} 7. Ne5 {[%emt 0:00:54]} Bd6 {[%emt 0:03:04]} 8. f4 {[%emt 0:00:16]} O-O {[%emt 0:09:02]} 9. O-O {[%emt 0:00:30]} Ne8 {[%emt 0:01:48]} 10. Qg4 {[%emt 0:04:46]} f5 {[%emt 0:06:47]} 11. Qh3 {[%emt 0:03:56]} Ndf6 {[%emt 0:02:38]} 12. Ndf3 {[%emt 0:01:41]} a5 {[%emt 0:11:27]} 13. Bd2 {[%emt 0:12:04]} Ba6 {[%emt 0:02:52]} 14. Bxa6 {[%emt 0:00:55]} Rxa6 {[%emt 0:00:05]} 15. Ng5 {[%emt 0:00:24]} Qc8 {[%emt 0:02:50]} 16. Rae1 {[%emt 0:03:57]} Ra7 {[%emt 0:06:13]} 17. Kh1 {[%emt 0:06:07]} g6 {[%emt 0:00:43]} 18. Rd1 {[%emt 0:09:40]} c4 {[%emt 0:05:28]} 19. Ngf3 {[%emt 0:01:58]} b5 {[%emt 0:03:35]} 20. g4 {[%emt 0:01:51]} Bxe5 {[%emt 0:06:35]} 21. Nxe5 {[%emt 0:00:24]} Nxg4 {[%emt 0:00:08]} 22. Nxg4 {[%emt 0:00:24]} fxg4 {[%emt 0:00:06]} 23. Qxg4 Nf6 24. Qg2 {[%emt 0:13:25]} Ne4 {[%emt 0:01:09]} 25. a3 {[%emt 0:02:41]} Rg7 {[%emt 0:00:40]} 26. Be1 Qe8 27. Bh4 {[%emt 0:07:29]} Rf5 {[%emt 0:01:26]} 28. Rf3 {[%emt 0:01:29]} Qf8 {[%emt 0:00:51]} 29. Rdf1 {[%emt 0:00:50]} b4 {[%emt 0:00:19]} 30. cxb4 {[%emt 0:02:48]} axb4 {[%emt 0:00:44]} 31. axb4 {[%emt 0:00:07]} Qxb4 {[%emt 0:00:27]} 32. Be1 {[%emt 0:00:12]} Qb3 {[%emt 0:01:42]} 33. Ba5 {[%emt 0:01:54]} Ra7 {[%emt 0:05:53]} 34. Bc3 {[%emt 0:05:11]} Ra2 {[%emt 0:06:42]} 35. Qh3 {[%emt 0:01:17]} Qc2 {[%emt 0:02:11]} 36. Qh4 {[%emt 0:00:21]} Nxc3 0-1

[Event "WSTCC-50 2020"]
[Site "Prague"]
[Date "2020.03.10"]
[Round "5.39"]
[White "Mudrak, Josef"]
[Black "Mueller, Thomas"]
[Result "1-0"]
[WhiteElo "2213"]
[BlackElo "2025"]
[Annotator "ChessBase"]
[PlyCount "71"]
[EventDate "2020.03.06"]
[EventType "team-tourn"]
[EventCountry "CZE"]
[SourceTitle "playchess.com"]
[Source "ChessBase"]
[SourceQuality "1"]
[TimeControl "40/5400+30:1800+30"]

1. d4 {[%emt 0:00:00]} Nf6 {[%emt 0:00:00]} 2. c4 {[%emt 0:00:07]} g6 {[%emt 0:00:00]} 3. Nc3 {[%emt 0:00:10]} Bg7 {[%emt 0:00:00]} 4. e4 {[%emt 0:00:27]} d6 {[%emt 0:00:00]} 5. Nf3 {[%emt 0:00:37]} O-O {[%emt 0:00:32]} 6. h3 {[%emt 0:00:25]} Nbd7 {[%emt 0:04:06]} 7. Be3 {[%emt 0:05:44]} e5 {[%emt 0:00:07]} 8. d5 {[%emt 0:01:16]} Nc5 {[%emt 0:02:11]} 9. Qc2 {[%emt 0:02:29]} a5 {[%emt 0:00:19]} 10. g4 {[%emt 0:00:22]} Ne8 {[%emt 0:03:41]} 11. Rg1 {[%emt 0:06:45]} Kh8 {[%emt 0:11:02]} 12. O-O-O {[%emt 0:05:19]} Bd7 {[%emt 0:16:44]} 13. Be2 {[%emt 0:08:35]} f5 {[%emt 0:06:44]} 14. gxf5 {[%emt 0:01:46]} gxf5 {[%emt 0:00:15]} 15. Ng5 {[%emt 0:03:39]} Qf6 {[%emt 0:12:33]} 16. exf5 {[%emt 0:14:35]} Bxf5 {[%emt 0:05:29]} 17. Nge4 {[%emt 0:00:15]} Nxe4 {[%emt 0:00:10]} 18. Nxe4 {[%emt 0:00:11]} Qf7 {[%emt 0:01:01]} 19. Bg4 {[%emt 0:03:32]} Bxe4 {[%emt 0:06:44]} 20. Qxe4 {[%emt 0:01:20]} Nf6 {[%emt 0:00:14]} 21. Qc2 {[%emt 0:01:24]} Nxg4 {[%emt 0:00:19]} 22. hxg4 {[%emt 0:01:08]} Qg6 {[%emt 0:02:56]} 23. Rh1 {[%emt 0:00:54]} e4 {[%emt 0:02:15]} 24. g5 {[%emt 0:04:28]} c6 {[%emt 0:09:43]} 25. Rh4 {[%emt 0:04:17]} Rae8 {[%emt 0:00:58]} 26. Kb1 {[%emt 0:01:51]} Kg8 {[%emt 0:00:53]} 27. Qd2 {[%emt 0:01:16]} c5 {[%emt 0:02:06]} 28. Qxa5 {[%emt 0:01:58]} Rxf2 {[%emt 0:00:33]} 29. Bxf2 {[%emt 0:05:14]} e3+ {[%emt 0:00:09]} 30. Kc1 {[%emt 0:01:30]} Qxg5 {[%emt 0:03:41]} 31. Be1 {[%emt 0:02:56]} e2+ {[%emt 0:07:03]} 32. Rd2 {[%emt 0:00:23]} Qg1 {[%emt 0:01:22]} 33. Rc2 {[%emt 0:00:51]} Bd4 {[%emt 0:01:55]} 34. Kb1 {[%emt 0:01:15]} b6 {[%emt 0:00:19]} 35. Qd2 {[%emt 0:00:51]} Be3 {[%emt 0:00:02]} 36. Qxe2 {[%emt 0:00:23]} 1-0

[Event "WSTCC-50 2020"]
[Site "Prague"]
[Date "2020.03.10"]
[Round "5.40"]
[White "Dieterle-Bard, Bernhard"]
[Black "Vrana, Frantisek"]
[Result "0-1"]
[WhiteElo "1865"]
[BlackElo "2231"]
[Annotator "ChessBase"]
[PlyCount "46"]
[EventDate "2020.03.06"]
[EventType "team-tourn"]
[EventCountry "CZE"]
[SourceTitle "playchess.com"]
[Source "ChessBase"]
[SourceQuality "1"]
[TimeControl "40/5400+30:1800+30"]

1. d4 {[%emt 0:00:00]} f5 {[%emt 0:00:00]} 2. c4 {[%emt 0:01:24]} Nf6 {[%emt 0:00:00]} 3. Nf3 {[%emt 0:00:51]} g6 {[%emt 0:00:03]} 4. Nc3 {[%emt 0:01:42]} Bg7 {[%emt 0:00:08]} 5. g3 {[%emt 0:00:36]} O-O {[%emt 0:00:15]} 6. Bg2 {[%emt 0:00:17]} d6 {[%emt 0:00:20]} 7. O-O {[%emt 0:00:56]} c6 {[%emt 0:01:35]} 8. Qc2 {[%emt 0:07:50]} Na6 {[%emt 0:01:13]} 9. a3 {[%emt 0:03:10]} Qe8 {[%emt 0:01:58]} 10. d5 {[%emt 0:07:24]} e5 {[%emt 0:03:20]} 11. dxe6 {[%emt 0:03:26]} Bxe6 {[%emt 0:00:13]} 12. Bf4 {[%emt 0:09:25]} Qe7 {[%emt 0:02:46]} 13. Rad1 {[%emt 0:00:26]} Rad8 {[%emt 0:00:41]} 14. b3 {[%emt 0:01:47]} Nc5 {[%emt 0:03:15]} 15. Nd2 {[%emt 0:08:49]} Nh5 {[%emt 0:04:30]} 16. Be3 {[%emt 0:11:34]} f4 {[%emt 0:09:58]} 17. Bxc5 {[%emt 0:09:09]} dxc5 {[%emt 0:00:19]} 18. e4 {[%emt 0:00:53]} Bd4 {[%emt 0:08:58]} 19. Kh1 {[%emt 0:05:55]} fxg3 {[%emt 0:03:52]} 20. fxg3 {[%emt 0:02:40]} Nxg3+ {[%emt 0:00:26]} 21. hxg3 {[%emt 0:01:33]} Qg7 {[%emt 0:00:59]} 22. Bf3 {[%emt 0:06:32]} Qh6+ {[%emt 0:00:34]} 23. Kg2 {[%emt 0:00:29]} Qh3# {[%emt 0:00:08]} 0-1

[Event "WSTCC-50 2020"]
[Site "Prague"]
[Date "2020.03.10"]
[Round "5.42"]
[White "Berg, Anders Hoyer"]
[Black "Svobodova, Michaela"]
[Result "1-0"]
[WhiteElo "2036"]
[BlackElo "1988"]
[Annotator "ChessBase"]
[PlyCount "75"]
[EventDate "2020.03.06"]
[EventType "team-tourn"]
[EventCountry "CZE"]
[SourceTitle "playchess.com"]
[Source "ChessBase"]
[SourceQuality "1"]
[TimeControl "40/5400+30:1800+30"]

1. e4 c5 2. c3 d5 3. exd5 Qxd5 4. d4 g6 5. Nf3 Bg7 6. dxc5 Qxc5 7. Be3 Qc7 8. Be2 Nf6 9. O-O O-O 10. Na3 a6 11. Nc4 Nbd7 12. a4 b6 13. a5 bxa5 14. Nxa5 Rb8 15. Qc1 Nd5 16. Bg5 Nc5 17. Rd1 e6 18. Qc2 Nf4 19. Bxf4 Qxf4 20. Nc6 Rb7 21. b4 Rc7 22. Ncd4 Nd7 23. Bxa6 Bxa6 24. Rxa6 e5 25. Nb5 Rb7 26. Nd6 Rc7 27. Nb5 Rb7 28. Qd2 Qc4 29. Nd6 Qxa6 30. Nxb7 Qxb7 31. Qxd7 Qxd7 32. Rxd7 Rc8 33. Kf1 f6 34. b5 Rxc3 35. b6 Rb3 36. b7 Bf8 37. Nd2 Rb4 38. Ne4 1-0

[Event "WSTCC-50 2020"]
[Site "Prague"]
[Date "2020.03.10"]
[Round "5.43"]
[White "Cejkova, Miroslava"]
[Black "Johnsen, Sylvia"]
[Result "1/2-1/2"]
[WhiteElo "1998"]
[BlackElo "1853"]
[Annotator "ChessBase"]
[PlyCount "81"]
[EventDate "2020.03.06"]
[EventType "team-tourn"]
[EventCountry "CZE"]
[SourceTitle "playchess.com"]
[Source "ChessBase"]
[SourceQuality "1"]
[TimeControl "40/5400+30:1800+30"]

1. e4 {[%emt 0:00:00]} e5 {[%emt 0:00:00]} 2. Nf3 {[%emt 0:00:00]} Nc6 {[%emt 0:00:00]} 3. Bc4 {[%emt 0:00:00]} Bc5 {[%emt 0:00:00]} 4. c3 {[%emt 0:00:10]} Nf6 {[%emt 0:00:02]} 5. d3 {[%emt 0:00:05]} O-O {[%emt 0:00:12]} 6. O-O {[%emt 0:00:24]} d5 {[%emt 0:00:18]} 7. exd5 {[%emt 0:02:27]} Nxd5 {[%emt 0:00:08]} 8. Re1 {[%emt 0:01:21]} Nb6 {[%emt 0:24:24]} 9. Bb3 {[%emt 0:07:08]} a5 {[%emt 0:05:26]} 10. a4 {[%emt 0:23:49]} Bg4 {[%emt 0:02:08]} 11. h3 {[%emt 0:04:21]} Bh5 {[%emt 0:02:36]} 12. Qe2 {[%emt 0:08:42]} Kh8 {[%emt 0:08:32]} 13. Nbd2 {[%emt 0:00:56]} f6 {[%emt 0:04:31]} 14. Ne4 {[%emt 0:00:46]} Nd7 {[%emt 0:01:03]} 15. Be3 {[%emt 0:11:08]} Ba7 {[%emt 0:04:41]} 16. Bxa7 {[%emt 0:03:47]} Rxa7 {[%emt 0:00:23]} 17. Ng3 {[%emt 0:08:56]} Bg6 {[%emt 0:03:50]} 18. Nh4 {[%emt 0:02:08]} Bf7 {[%emt 0:02:54]} 19. Bxf7 {[%emt 0:00:14]} Rxf7 {[%emt 0:00:10]} 20. Qh5 {[%emt 0:00:20]} Kg8 {[%emt 0:00:30]} 21. Ngf5 {[%emt 0:02:05]} Ne7 {[%emt 0:09:38]} 22. d4 {[%emt 0:03:55]} b6 {[%emt 0:05:04]} 23. Rad1 {[%emt 0:00:25]} Qf8 {[%emt 0:01:50]} 24. Qg4 {[%emt 0:10:06]} Nxf5 {[%emt 0:00:52]} 25. Nxf5 {[%emt 0:00:17]} Kh8 {[%emt 0:02:40]} 26. Qh4 {[%emt 0:02:16]} Ra8 {[%emt 0:00:24]} 27. f4 {[%emt 0:01:31]} Re8 {[%emt 0:00:56]} 28. g4 {[%emt 0:03:35]} e4 {[%emt 0:01:28]} 29. Ne3 {[%emt 0:00:22]} Qd6 {[%emt 0:02:37]} 30. Qf2 {[%emt 0:00:21]} Qc6 {[%emt 0:01:23]} 31. Qc2 {[%emt 0:00:18]} g6 {[%emt 0:02:21]} 32. f5 {[%emt 0:00:32]} Qd6 {[%emt 0:00:40]} 33. Qf2 {[%emt 0:00:34]} c6 {[%emt 0:00:48]} 34. Re2 {[%emt 0:00:52]} b5 {[%emt 0:00:50]} 35. axb5 {[%emt 0:00:53]} cxb5 {[%emt 0:00:11]} 36. Ra1 {[%emt 0:00:25]} a4 {[%emt 0:00:22]} 37. Qh2 {[%emt 0:00:46]} Qc6 {[%emt 0:00:51]} 38. Qf4 {[%emt 0:00:18]} Nb6 {[%emt 0:01:06]} 39. Rae1 {[%emt 0:01:19]} g5 {[%emt 0:05:25]} 40. Qg3 {[%emt 0:00:00]} Nd5 {[%emt 0:00:00]} 41. Nxd5 {[%emt 0:07:53]} 1/2-1/2

[Event "WSTCC-50 2020"]
[Site "Prague"]
[Date "2020.03.10"]
[Round "5.44"]
[White "Harstad, Christian"]
[Black "Taborska, Veronika"]
[Result "0-1"]
[WhiteElo "1854"]
[BlackElo "1995"]
[Annotator "ChessBase"]
[PlyCount "40"]
[EventDate "2020.03.06"]
[EventType "team-tourn"]
[EventCountry "CZE"]
[SourceTitle "playchess.com"]
[Source "ChessBase"]
[SourceQuality "1"]
[TimeControl "40/5400+30:1800+30"]

1. d4 d5 2. c4 e6 3. Nc3 c6 4. e3 Nf6 {[%emt 0:00:29]} 5. Nf3 {[%emt 0:00:23]} Bd6 {[%emt 0:01:29]} 6. Qc2 {[%emt 0:00:15]} Nbd7 {[%emt 0:11:36]} 7. g4 {[%emt 0:06:32]} dxc4 8. g5 {[%emt 0:00:40]} Nd5 {[%emt 0:01:30]} 9. Bxc4 {[%emt 0:03:03]} N7b6 {[%emt 0:10:30]} 10. Be2 {[%emt 0:02:22]} Qe7 {[%emt 0:18:54]} 11. Bd2 {[%emt 0:03:33]} Nxc3 {[%emt 0:00:13]} 12. Bxc3 {[%emt 0:01:38]} Nd5 {[%emt 0:03:17]} 13. O-O-O Bd7 14. h4 {[%emt 0:08:47]} Nxc3 {[%emt 0:05:36]} 15. Qxc3 {[%emt 0:02:00]} O-O-O {[%emt 0:05:54]} 16. Kb1 {[%emt 0:02:36]} Kb8 {[%emt 0:00:59]} 17. Rc1 {[%emt 0:09:08]} f6 {[%emt 0:02:20]} 18. Nd2 {[%emt 0:07:29]} e5 {[%emt 0:05:57]} 19. Nc4 {[%emt 0:07:26]} exd4 {[%emt 0:02:28]} 20. Qxd4 {[%emt 0:03:37]} Bf5+ 0-1

[Event "WSTCC-50 2020"]
[Site "Prague"]
[Date "2020.03.10"]
[Round "5.45"]
[White "Schweitzer, Andreas"]
[Black "Frostick, Clive A"]
[Result "1/2-1/2"]
[WhiteElo "2290"]
[BlackElo "2082"]
[Annotator "ChessBase"]
[PlyCount "46"]
[EventDate "2020.03.06"]
[EventType "team-tourn"]
[EventCountry "CZE"]
[SourceTitle "playchess.com"]
[Source "ChessBase"]
[SourceQuality "1"]
[TimeControl "40/5400+30:1800+30"]

1. e4 {[%emt 0:00:00]} c5 {[%emt 0:00:00]} 2. Nf3 {[%emt 0:00:00]} e6 {[%emt 0:00:38]} 3. d4 {[%emt 0:00:01]} cxd4 {[%emt 0:00:21]} 4. Nxd4 {[%emt 0:00:02]} Nf6 {[%emt 0:00:15]} 5. Nc3 {[%emt 0:00:21]} Nc6 {[%emt 0:00:29]} 6. Ndb5 {[%emt 0:00:59]} Bb4 {[%emt 0:01:24]} 7. a3 {[%emt 0:00:36]} Bxc3+ {[%emt 0:00:31]} 8. Nxc3 {[%emt 0:00:02]} d5 {[%emt 0:00:41]} 9. exd5 {[%emt 0:00:18]} exd5 {[%emt 0:00:51]} 10. Bd3 {[%emt 0:00:20]} O-O {[%emt 0:00:41]} 11. O-O {[%emt 0:01:41]} h6 {[%emt 0:02:08]} 12. h3 {[%emt 0:13:04]} d4 {[%emt 0:27:11]} 13. Ne2 {[%emt 0:15:16]} Qd5 {[%emt 0:01:40]} 14. Nf4 {[%emt 0:02:45]} Qd6 {[%emt 0:03:29]} 15. Nh5 {[%emt 0:04:20]} Qe5 {[%emt 0:25:47]} 16. Nxf6+ {[%emt 0:05:37]} Qxf6 {[%emt 0:00:15]} 17. Re1 {[%emt 0:00:23]} Bd7 {[%emt 0:02:47]} 18. Be4 {[%emt 0:10:42]} Rfe8 {[%emt 0:04:48]} 19. Bd2 {[%emt 0:03:34]} Bf5 {[%emt 0:04:24]} 20. Bxf5 {[%emt 0:07:45]} Qxf5 {[%emt 0:00:23]} 21. c3 {[%emt 0:01:28]} Rad8 {[%emt 0:05:17]} 22. Rxe8+ {[%emt 0:01:27]} Rxe8 {[%emt 0:00:02]} 23. cxd4 {[%emt 0:00:13]} Nxd4 1/2-1/2

[Event "WSTCC-50 2020"]
[Site "Prague"]
[Date "2020.03.10"]
[Round "5.46"]
[White "Fraser-Mitchell, Jeremy N"]
[Black "Schulenburg, Bernd"]
[Result "1/2-1/2"]
[WhiteElo "2059"]
[BlackElo "2175"]
[Annotator "ChessBase"]
[PlyCount "81"]
[EventDate "2020.03.06"]
[EventType "team-tourn"]
[EventCountry "CZE"]
[SourceTitle "playchess.com"]
[Source "ChessBase"]
[SourceQuality "1"]
[TimeControl "40/5400+30:1800+30"]

1. d4 Nf6 2. c4 e6 3. Nc3 Bb4 4. f3 c5 5. d5 d6 6. e4 exd5 7. cxd5 O-O 8. Bd3 b5 9. Nge2 a6 10. O-O Nbd7 11. Be3 Re8 12. Bf2 Ne5 13. a3 Ba5 14. b4 Nxd3 15. Qxd3 cxb4 16. axb4 Bxb4 17. Nxb5 a5 18. Nbd4 Ba6 19. Qb3 Qd7 20. Rfc1 Rec8 21. Be3 Qe8 22. Kf2 Bxe2 23. Kxe2 Rxc1 24. Rxc1 Bc5 25. Nc6 a4 26. Qa2 Nd7 27. Bf4 f6 28. Rb1 Kf7 29. Nb4 Ne5 30. Nd3 Nxd3 31. Kxd3 Qc8 32. Qc4 a3 33. Ra1 Qb7 34. Bc1 Ra5 35. Kc2 Rb5 36. Ra2 Qb6 37. Qa4 Rb4 38. Qd7+ Kf8 39. Qc8+ Ke7 40. Qe6+ Kf8 41. Qc8+ 1/2-1/2

[Event "WSTCC-50 2020"]
[Site "Prague"]
[Date "2020.03.10"]
[Round "5.47"]
[White "Berndt, Matthias"]
[Black "Thurstan, Tim M"]
[Result "0-1"]
[WhiteElo "2098"]
[BlackElo "1987"]
[Annotator "ChessBase"]
[PlyCount "72"]
[EventDate "2020.03.06"]
[EventType "team-tourn"]
[EventCountry "CZE"]
[SourceTitle "playchess.com"]
[Source "ChessBase"]
[SourceQuality "1"]
[TimeControl "40/5400+30:1800+30"]

1. e4 e6 2. d3 d5 3. Nd2 Nf6 4. Ngf3 c5 5. g3 Be7 6. Bg2 b5 7. O-O Nc6 8. exd5 exd5 9. d4 c4 10. Ne5 Bb7 11. Ndf3 O-O 12. c3 Rc8 13. h4 Ne4 14. Bh3 f5 15. Bf4 a5 16. a3 Ra8 17. Ne1 b4 18. Nxc6 Bxc6 19. axb4 axb4 20. cxb4 Bxb4 21. Nc2 Ba4 22. Bxf5 Rxf5 23. Rxa4 Rxa4 24. Ne3 Ra2 25. Nxf5 Rxb2 26. Qg4 Qf8 27. Be5 Nf6 28. Qf3 Rb3 29. Qf4 Ba3 30. Ra1 c3 31. Kg2 c2 32. Rxa3 Qxa3 33. Qg5 Qf8 34. Bd6 Ne4 35. Ne7+ Kh8 36. Ng6+ Kg8 0-1

[Event "WSTCC-50 2020"]
[Site "Prague"]
[Date "2020.03.10"]
[Round "5.48"]
[White "Lawrence, Paul"]
[Black "Haentsch, Ralf"]
[Result "1/2-1/2"]
[WhiteElo "1894"]
[BlackElo "2087"]
[Annotator "ChessBase"]
[PlyCount "39"]
[EventDate "2020.03.06"]
[EventType "team-tourn"]
[EventCountry "CZE"]
[SourceTitle "playchess.com"]
[Source "ChessBase"]
[SourceQuality "1"]
[TimeControl "40/5400+30:1800+30"]

1. c4 {[%emt 0:00:00]} e5 {[%emt 0:00:00]} 2. Nc3 {[%emt 0:00:00]} Nf6 {[%emt 0:00:00]} 3. g3 {[%emt 0:00:01]} Bb4 {[%emt 0:01:04]} 4. Bg2 {[%emt 0:03:04]} Bxc3 {[%emt 0:01:23]} 5. bxc3 d6 {[%emt 0:00:17]} 6. Rb1 {[%emt 0:08:04]} Nc6 {[%emt 0:03:21]} 7. Nf3 {[%emt 0:03:32]} O-O {[%emt 0:00:51]} 8. d3 Rb8 {[%emt 0:04:18]} 9. O-O {[%emt 0:10:41]} h6 {[%emt 0:03:39]} 10. Qc2 {[%emt 0:07:27]} Be6 {[%emt 0:04:11]} 11. Rd1 {[%emt 0:07:42]} Qc8 {[%emt 0:07:12]} 12. Ba3 {[%emt 0:06:08]} b6 {[%emt 0:03:59]} 13. e4 {[%emt 0:08:31]} Re8 {[%emt 0:08:06]} 14. Qa4 {[%emt 0:07:05]} Bd7 {[%emt 0:01:10]} 15. Qc2 {[%emt 0:00:24]} a5 {[%emt 0:05:42]} 16. Re1 {[%emt 0:02:17]} Be6 {[%emt 0:07:29]} 17. Qa4 {[%emt 0:00:58]} Bd7 {[%emt 0:01:02]} 18. Qc2 {[%emt 0:00:12]} Qa6 {[%emt 0:02:50]} 19. Rbd1 {[%emt 0:01:28]} Rbd8 {[%emt 0:01:19]} 20. Nd2 {[%emt 0:02:03]} 1/2-1/2

[Event "WSTCC-50 2020"]
[Site "Prague"]
[Date "2020.03.11"]
[Round "6.1"]
[White "Graf, Alexander"]
[Black "Shabalov, Alexander"]
[Result "1-0"]
[WhiteElo "2575"]
[BlackElo "2524"]
[Annotator "TA"]
[PlyCount "73"]
[EventDate "2020.03.06"]
[EventType "team-tourn"]
[EventCountry "CZE"]
[SourceTitle "playchess.com"]
[Source "ChessBase"]
[SourceQuality "1"]

{[%evp 17,73,23,28,30,27,35,38,38,39,24,25,8,0,0,0,-15,0,-38,16,15,27,38,54,16,17,14,40,0,0,0,4,-4,169,125,304,300,302,258,443,443,394,418,401,394,570,562,578,570,639,624,1115,1107,1102,1090,1063,972,885,777]} 1. Nf3 Nf6 2. g3 g6 3. Bg2 Bg7 4. O-O O-O 5. c4 d6 6. Nc3 e5 7. d3 c6 8. Rb1 a6 9. b4 b5 {[#]} 10. Bg5 $146 {A16: English Opening: 1...Nf6 with ...d5.} ({Predecessor:} 10. Nd2 d5 11. cxd5 cxd5 12. a4 bxa4 13. Qxa4 Be6 14. Nb3 Nbd7 15. Ba3 Rc8 16. Nc5 Nxc5 17. bxc5 Bd7 {½-½ (45) Sorokin,M (2560)-Zhigalko,A (2505) Cappelle-la-Grande 2006}) 10... h6 11. Bxf6 Qxf6 12. Nd2 {White is slightly better.} Qd8 13. Qc2 Be6 14. a4 {[%cal Rc4b5]} bxc4 15. dxc4 f5 16. e4 f4 17. b5 axb5 (17... Ra7 $15) 18. cxb5 $11 Rf7 19. Rfd1 Qb6 {next ...fxg3 is good for Black.} 20. bxc6 (20. Qd3 $5 {[%cal Rd3d6]} fxg3 21. Qxg3 $14) 20... Qxc6 21. Rdc1 Na6 22. Nd5 Qxc2 23. Rxc2 Nc5 24. Nc4 f3 $2 {[#]} (24... Bf8 $11 {and Black is okay.}) 25. Nxd6 $18 Bxd5 $2 (25... Rd7 $16) 26. exd5 Rd7 27. Rxc5 fxg2 $2 (27... Rxd6 {might work better.} 28. Bxf3 Bf8) 28. Nc4 Rxa4 29. Rb8+ Kh7 30. d6 Raa7 (30... h5 $142 31. Kxg2 Rxc4 {[%mdl 64] Remove Defender} 32. Rxc4 Rxd6) 31. Rbc8 {White is clearly winning.} e4 32. R5c7 g5 33. Kxg2 Rdxc7 34. dxc7 Kg6 35. Nd6 e3 36. fxe3 Ra2+ 37. Kf1 {Accuracy: White = 84%, Black = 54%.} 1-0

[Event "WSTCC-50 2020"]
[Site "Prague"]
[Date "2020.03.11"]
[Round "6.2"]
[White "Kaidanov, Gregory"]
[Black "Jussupow, Artur"]
[Result "1/2-1/2"]
[WhiteElo "2546"]
[BlackElo "2560"]
[Annotator "TA"]
[PlyCount "33"]
[EventDate "2020.03.06"]
[EventType "team-tourn"]
[EventCountry "CZE"]
[SourceTitle "playchess.com"]
[Source "ChessBase"]
[SourceQuality "1"]

{[%evp 9,33,22,39,11,25,22,29,17,22,17,27,13,14,19,23,-8,-7,2,15,19,15,13,20,17,13,9]} 1. Nf3 d5 2. g3 c6 3. Bg2 g6 4. O-O Bg7 5. d4 Nf6 6. Bf4 {D02: 1 d4 d5 2 Nf3 sidelines, including 2...Nf6 3 g3 and 2...Nf6 3 Bf4.} Nbd7 {[%cal Bb8d7,Bd7b6,Bb6d5][%mdl 32]} 7. Qc1 h6 8. c4 {White has an edge.} g5 9. Bd2 Ne4 10. cxd5 cxd5 11. Nc3 {[#]} Nb6 $146 ({Predecessor:} 11... Nxd2 12. Qxd2 Nf6 13. Ne5 Bf5 14. Qd1 O-O 15. Qb3 e6 16. Qxb7 Qd6 17. Nc6 a6 {0-1 (30) Walaszczyk,W (2240)-Kula,R (2370) Lublin 1999}) 12. Nxe4 dxe4 {The position is equal.} 13. Ne5 Bf5 {[#] Strongly threatening ...Rc8.} 14. Qc5 {Nxf7 is the strong threat.} Qd5 15. Qxd5 Nxd5 16. e3 g4 17. Rfc1 {An uneventful encounter. Accuracy: White = 81%, Black = 100%.} 1/2-1/2